| 000 | 00758nam a2200193 a 4500 | ||
|---|---|---|---|
| 003 | 0 | ||
| 005 | 20250408110538.0 | ||
| 008 | 071122s19uu xx 00 eng d | ||
| 050 |
_aPHS QK 861 _b.G85 2007 |
||
| 100 | _aGuiyab, Abraham Alonzo O. | ||
| 245 |
_aGrowth and yield response of Brassica rapa to varying lengths of exposure to UV radiation / _cAbraham Alonzo O. Guiyab. |
||
| 260 |
_aLas PiƱas City, Philippines : _bSouthville International School and Colleges, _c2007. |
||
| 300 |
_a34 pages : _bcolored illustrations ; _c28 cm. |
||
| 504 | _aIncludes bibliographical references. | ||
| 650 |
_aPlants _xEffect of ultraviolet radiation on. |
||
| 650 |
_aUltraviolet radiation _xPhysiological effect. |
||
| 650 | _aBrassica rapa. | ||
| 942 |
_2lcc _cPASS |
||
| 999 |
_c97830 _d97830 |
||